Freedom at midnight (Record no. 209612)

MARC details
000 -LEADER
fixed length control field 00426nam a2200157Ia 4500
008 - FIXED-LENGTH DATA ELEMENTS--GENERAL INFORMATION
fixed length control field 231221s9999 xx 000 0 und d
020 ## - INTERNATIONAL STANDARD BOOK NUMBER
International Standard Book Number 9790000000000
041 ## - LANGUAGE CODE
Language code of text/sound track or separate title English
082 ## - DEWEY DECIMAL CLASSIFICATION NUMBER
Classification number 954.04 LAP;1 R
100 ## - MAIN ENTRY--PERSONAL NAME
Personal name Lapierre, Dominique. Collins, Larry. Das Gurucharan
245 #0 - TITLE STATEMENT
Title Freedom at midnight
260 ## - PUBLICATION, DISTRIBUTION, ETC.
Date of publication, distribution, etc. 1997
Name of publisher, distributor, etc. Vikas Publishing
Place of publication, distribution, etc. New Delhi
300 ## - PHYSICAL DESCRIPTION
Extent lx+774
650 ## - SUBJECT ADDED ENTRY--TOPICAL TERM
Topical term or geographic name entry element Freedom,midnight
942 ## - ADDED ENTRY ELEMENTS (KOHA)
Koha item type Business Management Library
Holdings
Date last seen Total checkouts Full call number Accession number Date due Date last checked out Cost, total (INR) price Price effective from Category Lost status Damaged status Department Withdrawn status Home library Current library Shelving location Entry date Vendor Cost, normal purchase price Grants Billnumber Billdate Currency symbol Conversion rate Discount Old discount
02/04/2024 1 954.04 LAP;1 R BM1204 28/08/2017 02/04/2024 425.00 26/01/2024 Business Management Library     Central Library   Central Library RFID Kiosk Central Library   BB Books 425.00 BM 85 24/01/2013 RS 1    

© For any Suggestions or Query, please contact the library staff @ librarian@pes.edu or Phone: +9180 2672 1983/ 2108.